[Event "Wuppertal (Women)"]
[Site "Wuppertal"]
[Date "1990.??.??"]
[Round "3"]
[White "Veroci, Zsuzsa"]
[Black "Gaprindashvili, Nona"]
[Result "0-1"]
[WhiteElo "2315"]
[BlackElo "2435"]

1.e4 g6 2.d4 c6 3.Nc3 d5 4.h3 Bg7 5.Nf3 Nh6 6.Bf4 f6 7.e5 Nf7 8.exf6 exf6
9.Qe2+ Qe7 10.Qxe7+ Kxe7 11.Bd3 Nd7 12.O-O-O Nf8 13.Rhe1+ Ne6 14.g4 Bd7 15.Be3 Rae8
16.Ne2 Kd8 17.c4 Bh6 18.Kb1 Bxe3 19.fxe3 Neg5 20.Nxg5 Nxg5 21.Nf4 dxc4 22.Bxc4 f5
23.d5 fxg4 24.dxc6 bxc6 25.hxg4 Kc7 26.Rc1 Bxg4 27.Bd5 Bd7 28.Bg2 Rhf8 29.Ka1 Re5
30.Nd3 Rb5 31.a4 Rb6 32.Nf4 Kd6 33.Red1+ Ke7 34.Rc5 Rf5 35.Rxf5 Bxf5 36.Rd4 Ne6
37.Nxe6 Bxe6 38.Rh4 h5 39.a5 Rb5 40.Bxc6 Rxa5+ 41.Kb1 Ba2+  0-1

[Event "Wuppertal (Women)"]
[Site "Wuppertal"]
[Date "1990.??.??"]
[Round "5"]
[White "Ehrke, Anja"]
[Black "Gaprindashvili, Nona"]
[Result "0-1"]
[WhiteElo "2275"]
[BlackElo "2435"]

1.Nf3 g6 2.d3 Bg7 3.e4 e5 4.Be2 Ne7 5.c3 d5 6.Nbd2 c5 7.O-O Nbc6 8.a3 d4
9.cxd4 cxd4 10.b4 O-O 11.Re1 h6 12.Nf1 Be6 13.Bd2 a5 14.b5 Nb8 15.Qb1 Nd7
16.Rc1 b6 17.Bd1 Nc5 18.Ng3 Nc8 19.a4 Nd6 20.Be1 Bf6 21.Bc2 Rc8 22.Nd2 Bg5
23.Rd1 Qe7 24.Nb3 h5 25.Nxc5 Rxc5 26.Bb3 h4 27.Ne2 h3 28.Ra2 hxg2 29.Rc2 Rxc2
30.Qxc2 Bg4 31.Bd2 Bf3 32.Rc1  0-1

[Event "Wuppertal (Women)"]
[Site "Wuppertal"]
[Date "1990.??.??"]
[Round "6"]
[White "Gaprindashvili, Nona"]
[Black "Chilingirova, Pavlina"]
[Result "1-0"]
[WhiteElo "2435"]
[BlackElo "2195"]

1.d4 d6 2.c4 e5 3.Nf3 exd4 4.Nxd4 Nc6 5.Nc3 g6 6.e4 Bg7 7.Be3 Nge7 8.Be2 O-O
9.g4 Nxd4 10.Bxd4 Bxd4 11.Qxd4 Nc6 12.Qe3 g5 13.h4 f6 14.hxg5 fxg5 15.Rh5 Rf4
16.O-O-O Be6 17.Rdh1 Qe7 18.e5 Nxe5 19.Ne4 Bxg4 20.Rxg5+ Kh8 21.Qxf4 Bxe2
22.Rxh7+  1-0

[Event "Wuppertal (Women)"]
[Site "Wuppertal"]
[Date "1990.??.??"]
[Round "7"]
[White "Barthel, Bergit"]
[Black "Gaprindashvili, Nona"]
[Result "1-0"]
[WhiteElo "2060"]
[BlackElo "2435"]

1.e4 c6 2.d4 g6 3.Nc3 d5 4.h3 Bg7 5.Nf3 Nh6 6.Bf4 f6 7.exd5 cxd5 8.Nb5 Na6
9.c4 O-O 10.cxd5 Qxd5 11.Be2 Qf7 12.O-O Be6 13.Qd2 g5 14.Be3 Nf5 15.Rfc1 Rfd8
16.Bxg5 fxg5 17.Nxg5 Bh6 18.Nxf7 Bxd2 19.Nxd8 Rxd8 20.Rd1 Bh6 21.Bg4 Nb4
22.Re1 Kf7 23.Re5 Kf6 24.Rae1 Bc8 25.Bxf5 Bxf5 26.g4 Bc8 27.Rxe7 Nd3 28.R1e4 Nf4
29.Rc7 Nxh3+ 30.Kg2 Nf4+ 31.Kg3 Ne6 32.Rc3 a6 33.Nc7 Nxd4 34.Rc5 Bf8 35.Rd5 Bd6+
36.Rxd6+ Rxd6 37.Ne8+  1-0

[Event "Wuppertal (Women)"]
[Site "Wuppertal"]
[Date "1990.??.??"]
[Round "8"]
[White "Gaprindashvili, Nona"]
[Black "Fischdick, Gisela"]
[Result "1-0"]
[WhiteElo "2435"]
[BlackElo "2285"]

1.d4 Nf6 2.c4 e6 3.Nf3 c5 4.d5 exd5 5.cxd5 d6 6.Nc3 g6 7.Bf4 a6 8.a4 Bg7
9.e4 Bg4 10.Be2 Bxf3 11.Bxf3 O-O 12.O-O Qe7 13.Re1 Nbd7 14.Qd2 Rab8 15.a5 Rfc8
16.Bg5 Qf8 17.Be2 Ne8 18.Bg4 Rc7 19.f4 Bd4+ 20.Kh1 b5 21.axb6 Rxb6 22.e5 dxe5
23.Bxd7 Rxd7 24.fxe5 Nc7 25.d6 Bxc3 26.bxc3 Ne6 27.Bf6 Qb8 28.Ra4 h5 29.Qh6  1-0

[Event "Wuppertal (Women)"]
[Site "Wuppertal"]
[Date "1990.??.??"]
[Round "10"]
[White "Gaprindashvili, Nona"]
[Black "Nagrocka, Ewa"]
[Result "1/2-1/2"]
[WhiteElo "2435"]
[BlackElo "2145"]

1.d4 e6 2.c4 b6 3.Nf3 Bb7 4.g3 f5 5.Bg2 Bb4+ 6.Bd2 Bxd2+ 7.Qxd2 Nf6 8.Nc3 O-O
9.O-O Re8 10.Rad1 Ne4 11.Qd3 Nxc3 12.Qxc3 Be4  1/2-1/2

[Event "Baden-Baden op"]
[Site "Baden-Baden"]
[Date "1991.??.??"]
[Round "4"]
[White "Domuta, Adriana"]
[Black "Gaprindashvili, Nona"]
[Result "0-1"]
[WhiteElo "2035"]
[BlackElo "2425"]

1.e4 g6 2.d4 c6 3.a4 Bg7 4.Nc3 d5 5.Nf3 Nh6 6.Bd3 O-O 7.O-O f6 8.e5 Nf7 9.Bf4 fxe5
10.Nxe5 Nd7 11.Qe2 Nfxe5 12.Bxe5 Nxe5 13.dxe5 Qb6 14.Nd1 Bf5 15.Re1 Bxd3
16.cxd3 Rf5 17.e6 Raf8 18.Kh1 Qd4 19.Qd2 Re5 20.Ra3 Qf4 21.Ne3 d4 22.g3 Qxf2  0-1

[Event "Baden-Baden op"]
[Site "Baden-Baden"]
[Date "1991.??.??"]
[Round "7"]
[White "Gaprindashvili, Nona"]
[Black "Metz, Hartmut"]
[Result "1-0"]
[WhiteElo "2425"]
[BlackElo "2255"]

1.d4 c6 2.c4 d5 3.cxd5 cxd5 4.Nc3 Nf6 5.Bf4 Nc6 6.e3 Bf5 7.Qb3 Na5 8.Qa4+ Bd7
9.Qc2 e6 10.Bd3 Rc8 11.Nge2 Be7 12.O-O O-O 13.Ng3 b5 14.Qe2 b4 15.Nb1 Bc6
16.Nd2 Qb6 17.Rfc1 Bb7 18.Qd1 Rxc1 19.Rxc1 Rc8 20.Rxc8+ Bxc8 21.Qc2 Qc6 22.Qxc6 Nxc6
23.Nb3 Nd7 24.Bb5 Bb7 25.Bc7 Ndb8 26.Nc5 Bxc5 27.dxc5 Nd7 28.Bd6 Nde5 29.Ne2 Nc4
30.Bxc6 Bxc6 31.Nd4 Nxd6 32.cxd6 Bd7 33.Nb3 Kf8 34.Nc5 Ke8 35.f4 Bb5 36.Kf2 Bc4
37.a3 bxa3 38.bxa3 g6 39.g4 f6 40.h4 h5 41.gxh5 gxh5 42.Nxe6 Kd7 43.Ng7 Kxd6
44.Nxh5 Ke6 45.Ng7+ Kf7 46.Nf5 Kg6 47.Ng3 a5 48.Ke1 Ba2 49.Kd2 f5 50.Kc3 Kf6
51.Kd4 Bb3 52.h5  1-0

[Event "Cetinje (Women)"]
[Site "Cetinje"]
[Date "1991.??.??"]
[Round "1"]
[White "Gaprindashvili, Nona"]
[Black "Maric, Alisa"]
[Result "0-1"]
[WhiteElo "2450"]
[BlackElo "2425"]

1.d4 d5 2.c4 e6 3.Nf3 Nf6 4.Nc3 Be7 5.Bg5 h6 6.Bh4 O-O 7.e3 b6 8.Qb3 Bb7
9.Bxf6 Bxf6 10.cxd5 exd5 11.Rd1 Re8 12.Be2 c6 13.O-O Nd7 14.Rfe1 Nf8 15.e4 g6
16.e5 Be7 17.a3 Ne6 18.g3 Bf8 19.h4 h5 20.Bf1 Qe7 21.Bg2 Red8 22.Qa2 a5 23.Nh2 b5
24.Ne2 b4 25.a4 Ba6 26.Nf1 Qa7 27.Nf4 Nxd4 28.e6 Bc5 29.Qb1 Re8 30.exf7+ Qxf7
31.Ne3 Kg7 32.b3 Ne6 33.Nexd5 Bxf2+ 34.Kxf2 cxd5 35.Qb2+ Kh7 36.Bxd5 Qa7+
37.Kg2 Nxf4+ 38.gxf4 Bb7 39.Re5 Rad8 40.Kg3 Rxe5 41.Qxe5 Bxd5 42.f5 Qf7 43.f6 Rd7
44.Re1 Bxb3 45.Qb5 Bc4 46.Qc5 Rd3+ 47.Kh2 Qxf6  0-1

[Event "Cetinje (Women)"]
[Site "Cetinje"]
[Date "1991.??.??"]
[Round "2"]
[White "Markovic, Gordana"]
[Black "Gaprindashvili, Nona"]
[Result "1/2-1/2"]
[WhiteElo "2260"]
[BlackElo "2450"]

1.e4 d6 2.d4 Nf6 3.Nc3 g6 4.Nf3 Bg7 5.h3 O-O 6.Be3 b6 7.Bd3 Bb7 8.Qd2 c5
9.dxc5 bxc5 10.Bh6 Nbd7 11.Bxg7 Kxg7 12.O-O Bc6 13.Rfe1 Qb6 14.e5 dxe5 15.Nxe5 Nxe5
16.Rxe5 Qxb2 17.Rb1 Qa3 18.Rb3 Qa5 19.Qe3 Qd8 20.Rxc5 Qd7 21.Ra3 Rfc8 22.Ba6 Rcb8
23.Be2 Rb6 24.Rca5 Rb7 25.Ra6 Rc7 26.Qe5 Rb8 27.Bg4 e6 28.Be2 Rb4 29.Bd3 Qe7
30.R3a5 Ba8 31.Kh2 Kg8 32.a3 Rh4 33.Be2 Rd7 34.Rxa7 Rxa7 35.Qb8+ Kg7 36.Rxa7 Qc5
37.Rxa8 Nd7 38.Qg8+ Kh6 39.Qxf7 Qxc3 40.g3 Re4 41.Bd3 Re1 42.Qxd7 Qf6 43.Qa7 Qf3
44.Bf1 Rxf1 45.Qe3+ Qxe3 46.fxe3 Rf2+ 47.Kg1 Rxc2 48.Kf1 Kg5 49.Ra5+ Kf6
50.a4 e5 51.e4 Rc4 52.Ra6+ Kg5 53.Kf2 Rxe4 54.Kf3 Rb4 55.h4+ Kf5 56.g4+  1/2-1/2

[Event "Cetinje (Women)"]
[Site "Cetinje"]
[Date "1991.??.??"]
[Round "3"]
[White "Gaprindashvili, Nona"]
[Black "Kachiani Gersinska, Ketino"]
[Result "0-1"]
[WhiteElo "2450"]
[BlackElo "2345"]

1.d4 Nf6 2.c4 e6 3.Nc3 Bb4 4.Nf3 b6 5.g3 Bxc3+ 6.bxc3 Bb7 7.Bg2 O-O 8.O-O Re8
9.Re1 d6 10.a4 a5 11.Qc2 Be4 12.Qb3 Nbd7 13.Ba3 Rb8 14.Rad1 h6 15.Nd2 Bxg2
16.Kxg2 e5 17.e4 Nh5 18.Nf3 Qf6 19.Qb5 Qe6 20.Qc6 Nf4+ 21.gxf4 Qg4+ 22.Kf1 Qxf3
23.Qxd7 exd4 24.cxd4 Qh1+ 25.Ke2 Qxe4+ 26.Kd2 Qxd4+ 27.Kc2 Qxf2+ 28.Rd2 Qxe1  0-1

[Event "Cetinje (Women)"]
[Site "Cetinje"]
[Date "1991.??.??"]
[Round "4"]
[White "Micic, Jordanka"]
[Black "Gaprindashvili, Nona"]
[Result "1/2-1/2"]
[WhiteElo "2275"]
[BlackElo "2450"]

1.e4 g6 2.d4 Bg7 3.Nc3 d6 4.Nf3 Nd7 5.Bc4 e6 6.Bg5 Ne7 7.O-O h6 8.Be3 O-O
9.a4 b6 10.a5 Bb7 11.a6 Bc8 12.Qd2 Kh7 13.Ne2 c6 14.c3 b5 15.Bd3 Nb8 16.h4 Nxa6
17.h5 Nc7 18.hxg6+ fxg6 19.Nh4 Ne8 20.Qc2 Ng8 21.g3 e5 22.dxe5 dxe5 23.Rxa7 Rxa7
24.Bxa7 Bf6 25.Ng2 Ng7 26.Be3 Be6 27.Nc1 Qd7 28.Rd1 Qf7 29.Bf1 Be7 30.Ne1 Nf6
31.f3 Ng4 32.Bf2 Nxf2 33.Qxf2 Qf6 34.Ncd3 Qg5 35.Bg2 Nh5 36.Kh2 Rf7 37.Bh3 Bb3
38.Ra1 Nf6 39.Qe2 h5 40.Ng2 Bc4 41.Rd1 Ng8 42.Ne3 h4 43.Bg4 Nh6 44.Kg2 hxg3
45.b4 Kg8 46.Rh1 Nxg4 47.Nxg4 Bf8 48.Rd1 Rh7 49.Rh1 Rxh1 50.Kxh1 Bg7 51.Qc2 Be6
52.Qe2 Bxg4 53.fxg4 Bh6 54.Kg2 Qh4 55.Kf3 Kh7 56.Qa2 Bg7 57.Qg2 Qd8 58.Qh3+ Bh6
59.Ke2 Qg5 60.Qxg3 Qd2+ 61.Kf1 Qd1+ 62.Kg2 Qd2+ 63.Nf2 Be3  1/2-1/2

[Event "Cetinje (Women)"]
[Site "Cetinje"]
[Date "1991.??.??"]
[Round "5"]
[White "Gaprindashvili, Nona"]
[Black "Csonkics, Tunde"]
[Result "1/2-1/2"]
[WhiteElo "2450"]
[BlackElo "2320"]

1.d4 Nf6 2.c4 e6 3.Nc3 Bb4 4.Nf3 c5 5.g3 cxd4 6.Nxd4 O-O 7.Bg2 d5 8.Qb3 Bxc3+
9.Qxc3 e5 10.Nb3 Nc6 11.cxd5 Nxd5 12.Qc5 Be6 13.Bd2  1/2-1/2

[Event "Cetinje (Women)"]
[Site "Cetinje"]
[Date "1991.??.??"]
[Round "6"]
[White "Misanovic, Vesna"]
[Black "Gaprindashvili, Nona"]
[Result "1/2-1/2"]
[WhiteElo "2305"]
[BlackElo "2450"]

1.d4 g6 2.e4 Bg7 3.Nc3 d6 4.Bg5 c6 5.Qd2 Nd7 6.Nf3 h6 7.Be3 e5 8.dxe5 dxe5
9.Bc4 Ngf6 10.h3 Qe7 11.Rd1 b5 12.Bd3 Bb7 13.a4 a6 14.O-O Kf8 15.Rfe1 Kg8
16.Bf1 Kh7 17.Ne2 Nc5 18.Qb4 Nfxe4 19.a5 Bf8 20.Nc1 Qc7 21.Nb3 Nxb3 22.Qxe4 Nxa5
23.Nxe5 Re8 24.Bf4 Bg7 25.b4 Nc4 26.Bxc4 bxc4 27.Qxc4 c5 28.Rd7 Qxd7 29.Nxd7 Rxe1+
30.Kh2 Bc6 31.Nxc5 Bb5 32.Qd5 Rc8 33.c4 Bc6 34.Qd2 Rce8 35.Qd6 Ba8 36.b5 axb5
37.cxb5 Rf1 38.Qd2 Ree1 39.b6 Rb1 40.Qe2 Rfe1 41.Qa6 Ra1 42.Qc4 Rh1+ 43.Kg3 Ra3+
44.f3 Rc3 45.Qb4 Rc2 46.b7 Bxb7 47.Qxb7 Rg1 48.Bd6 Rgxg2+ 49.Kf4 Rg5 50.Ne4 Rf5+
51.Ke3 Rb2 52.Qa7 Rb3+ 53.Ke2 Rb2+ 54.Ke3 Rb3+ 55.Ke2 Kg8 56.Nd2 Rb2 57.Ba3 Ra2
58.Qb8+ Kh7 59.Qb3 Ra1 60.Nf1 Re5+ 61.Ne3 Re6 62.Bc5 Rc1 63.Qb4 Rc2+ 64.Kd3 Rb2
65.Qa4 Rf2 66.Qa8 Rf6 67.Nf5 Rf1 68.Nxg7 R1xf3+ 69.Ke2 Kxg7 70.Qxf3  1/2-1/2

[Event "Subotica Interzonal (Women)"]
[Site "Subotica"]
[Date "1991.??.??"]
[Round "1"]
[White "Gaprindashvili, Nona"]
[Black "Foisor, Cristina Adela B"]
[Result "1-0"]
[WhiteElo "2450"]
[BlackElo "2350"]

1.d4 Nf6 2.c4 g6 3.Nc3 Bg7 4.e4 d6 5.Be2 O-O 6.Bg5 Nbd7 7.Qd2 c6 8.f3 a6
9.Nh3 b5 10.Nf2 Bb7 11.O-O bxc4 12.Bxc4 c5 13.dxc5 Nxc5 14.Rac1 a5 15.Rfd1 Qb6
16.Be3 Qb4 17.Qe2 Ba6 18.Bxa6 Nxa6 19.Nb5 Nd7 20.b3 Rab8 21.Nxd6 Nac5 22.Nc4 a4
23.Nd3 Nxd3 24.Rxd3 Nc5 25.Rd5 Ne6 26.Bd2 Qb7 27.bxa4 Qa7+ 28.Be3 Qxa4 29.Qc2 Qxc2
30.Rxc2 Rb1+ 31.Kf2 Rc8 32.Rdd2 h5 33.Ke2 Kh7 34.Na3 Rxc2 35.Rxc2 Rh1 36.Nb5 Rxh2
37.Kd3 Rh1 38.Bc1 Rd1+ 39.Kc4 Nd8 40.a4 Nb7 41.Bd2 Ra1 42.Kb3 Rb1+ 43.Ka3 Ra1+
44.Ra2 Rb1 45.Bc3 Nd6 46.Nxd6 Bxc3 47.Rc2 exd6 48.Rxc3 Ra1+ 49.Kb3 Kg7 50.Rc2 Kf6
51.Ra2 Rb1+ 52.Kc4 Ke6 53.a5 Rc1+ 54.Kb5 Rb1+ 55.Kc6 Rc1+ 56.Kb6 Kd7 57.Rb2 Rc6+
58.Kb7 Rc7+ 59.Kb8 Rc8+ 60.Ka7 Rc7+ 61.Rb7 Kc8 62.a6 Rc2 63.Rxf7 Rxg2 64.Kb6 Rb2+
65.Kc6 Kb8 66.a7+ Ka8 67.Kxd6 h4 68.e5 Rd2+ 69.Kc6 Rc2+ 70.Kd5 Rd2+ 71.Kc6 Rc2+
72.Kd7 Rd2+ 73.Ke7 h3 74.Rh7 h2 75.Kf6 Rf2 76.Kxg6 Rxf3 77.Rxh2 Re3 78.Kf6 Kxa7
79.Rb2  1-0

[Event "Subotica Interzonal (Women)"]
[Site "Subotica"]
[Date "1991.??.??"]
[Round "2"]
[White "Jahn, Constanze"]
[Black "Gaprindashvili, Nona"]
[Result "1/2-1/2"]
[WhiteElo "2175"]
[BlackElo "2450"]

1.e4 g6 2.d4 Bg7 3.f4 d6 4.Nf3 Nf6 5.Nc3 O-O 6.Be2 c5 7.d5 b5 8.e5 dxe5 9.fxe5 Ng4
10.Nxb5 Nxe5 11.Nxe5 Bxe5 12.O-O a6 13.Na3 Ra7 14.Nc4 Bd4+ 15.Kh1 Rd7 16.c3 Bg7
17.Qb3 Rb7 18.Qd1 Rd7 19.Qb3 Rb7 20.Qd1  1/2-1/2

[Event "Subotica Interzonal (Women)"]
[Site "Subotica"]
[Date "1991.??.??"]
[Round "5"]
[White "Gaprindashvili, Nona"]
[Black "Vuksanovic, Sanja"]
[Result "1-0"]
[WhiteElo "2450"]
[BlackElo "2150"]

1.d4 Nf6 2.c4 e6 3.Nc3 Bb4 4.Nf3 c5 5.g3 cxd4 6.Nxd4 O-O 7.Bg2 d5 8.Qb3 Bxc3+
9.Qxc3 e5 10.Nb3 d4 11.Qa5 Nc6 12.Qxd8 Rxd8 13.Bg5 a5 14.Nc5 h6 15.Bxf6 gxf6
16.Bxc6 bxc6 17.b3 Kf8 18.O-O-O Be6 19.e3 a4 20.Nxa4 Bxc4 21.exd4 exd4 22.Nb6 Bd5
23.Nxa8 Bxh1 24.Nb6 Bf3 25.Re1 c5 26.a4 Rd6 27.a5 Bb7 28.Kd2 Ba6 29.Rc1 Re6
30.Nd7+ Ke7 31.Nxc5 Re2+ 32.Kd1 Bb5 33.Rc2 Re5 34.a6 Bc6 35.Kd2 Kd6 36.b4 Re7
37.Rc1 Kd5 38.Nb3 Ba4 39.Rc5+ Ke4 40.f3+ Kxf3 41.Nxd4+ Ke4 42.Nc6 Rd7+ 43.Kc3 Rd6
44.Nb8  1-0

[Event "Subotica Interzonal (Women)"]
[Site "Subotica"]
[Date "1991.??.??"]
[Round "6"]
[White "Galliamova, Alisa"]
[Black "Gaprindashvili, Nona"]
[Result "1-0"]
[WhiteElo "2435"]
[BlackElo "2450"]

1.d4 d6 2.c4 e5 3.Nf3 Nd7 4.g3 g6 5.Bg2 Bg7 6.Nc3 Nh6 7.c5 Nf5 8.cxd6 cxd6
9.d5 O-O 10.O-O Nc5 11.Nd2 Bd7 12.b4 Na6 13.a3 Qe7 14.Bb2 Rfc8 15.Nb3 e4
16.Rc1 e3 17.f4 Rc7 18.Qd3 Rac8 19.Nd1 Bxb2 20.Nxb2 Qf6 21.Rxc7 Rxc7 22.Nd1 h5
23.Be4 Kg7 24.Rf3 Kh7 25.Bxf5 Bxf5 26.Qxe3 Bg4 27.Rf2 Qf5 28.Nc3 Qc2 29.Ne4 Qb2
30.Nd4 Kg7 31.h3 Re7 32.hxg4 Qb1+ 33.Rf1 Qxe4 34.Qxe4 Rxe4 35.Nb5 Rxe2 36.gxh5 Rd2
37.Nxd6 Rxd5 38.h6+ Kxh6 39.Nxf7+ Kg7 40.Ne5 Nc7 41.Rc1 Ne6 42.Kf2 a5 43.Rb1 axb4
44.Rxb4 b5 45.a4 Nc7 46.axb5 Nxb5 47.Nf3 Rc5 48.g4 Nc7 49.Rb7 Rc2+ 50.Ke3 Kh6
51.Kd3 Rf2 52.Ke3 Rc2 53.g5+ Kh5 54.Ne5 Kh4 55.Nxg6+ Kg4 56.Ne5+ Kf5 57.Kd3 Rc5
58.g6 Kxf4 59.g7 Rd5+ 60.Kc4 Rd8 61.Ng6+  1-0

[Event "Subotica Interzonal (Women)"]
[Site "Subotica"]
[Date "1991.??.??"]
[Round "8"]
[White "Gaprindashvili, Nona"]
[Black "Wang Pin"]
[Result "1/2-1/2"]
[WhiteElo "2450"]
[BlackElo "2220"]

1.d4 Nf6 2.c4 g6 3.Nc3 Bg7 4.e4 d6 5.Be2 O-O 6.Bg5 Na6 7.Qd2 c6 8.f3 e5 9.d5 cxd5
10.cxd5 Bd7 11.g4 Qb6 12.Nh3 h5 13.Nf2 hxg4 14.fxg4 Nc5 15.Be3 a5 16.g5 Nh7
17.h4 f5 18.gxf6 Rxf6 19.O-O-O Qb4 20.Kb1 a4 21.Nd3 Nxd3 22.Qxd3 Rc8 23.a3 Qb3
24.Rc1 Rf4 25.Bd1 Qc4 26.Qxc4 Rxc4 27.Bxf4 exf4 28.Be2 Rc5 29.Rhg1 Kf7 30.Bg4 Bxg4
31.Rxg4 Be5 32.Rcg1 Nf6 33.Rxg6 Bd4 34.Rg7+ Kf8 35.R1g5 Bxc3 36.bxc3 Nxe4
37.Rg8+ Kf7 38.R5g7+ Kf6 39.Rxb7 Rxc3 40.Rf8+ Ke5 41.Re7+ Kxd5 42.Rxf4 Re3
43.Kc2 Kd4 44.Rexe4+ Rxe4 45.Rxe4+ Kxe4 46.h5 Kf5 47.Kc3 Kg5 48.Kb4 Kxh5
49.Kxa4 Kg5 50.Kb5 Kf4 51.a4 d5 52.Kc5 Ke5 53.a5 d4 54.Kc4 Kd6 55.Kxd4  1/2-1/2

[Event "Subotica Interzonal (Women)"]
[Site "Subotica"]
[Date "1991.??.??"]
[Round "9"]
[White "Gaprindashvili, Nona"]
[Black "Arakhamia, Ketevan"]
[Result "1/2-1/2"]
[WhiteElo "2450"]
[BlackElo "2440"]

1.d4 d5 2.c4 c6 3.Nf3 Nf6 4.Nc3 e6 5.cxd5 cxd5 6.Bf4 Nc6 7.e3 Be7 8.Bd3 O-O
9.O-O a6 10.Ne5 Nxe5 11.Bxe5 Bd7 12.Rc1 Qa5 13.Qe2 Rfc8 14.Rc2 b5 15.a3 Rc6
16.Rfc1 Rac8 17.h3  1/2-1/2

[Event "Subotica Interzonal (Women)"]
[Site "Subotica"]
[Date "1991.??.??"]
[Round "10"]
[White "Sofieva, Ainur"]
[Black "Gaprindashvili, Nona"]
[Result "0-1"]
[WhiteElo "2390"]
[BlackElo "2450"]

1.Nf3 g6 2.g3 Bg7 3.Bg2 e5 4.e4 c5 5.d3 Nc6 6.Be3 d6 7.Qd2 Nd4 8.Ng1 Ne7
9.Nc3 O-O 10.h4 b5 11.h5 b4 12.Nce2 Nec6 13.c3 bxc3 14.bxc3 Nxe2 15.Nxe2 Rb8
16.f4 Bg4 17.f5 gxf5 18.exf5 Ne7 19.f6 Bxf6 20.Bh6 Nf5 21.Be4 Ng7 22.c4 Be7
23.Nc3 f5 24.Bd5+ Kh8 25.Nb5 Bf6 26.Nxa7 e4 27.Rc1 Rb2  0-1

[Event "Subotica Interzonal (Women)"]
[Site "Subotica"]
[Date "1991.??.??"]
[Round "11"]
[White "Levitina, Irina S"]
[Black "Gaprindashvili, Nona"]
[Result "1/2-1/2"]
[WhiteElo "2370"]
[BlackElo "2450"]

1.d4 d6 2.e4 g6 3.c3 Bg7 4.Nf3 Nf6 5.Qc2 O-O 6.Be2 c5 7.dxc5 dxc5 8.O-O Nc6
9.h3 Qc7 10.Re1 b6 11.Nbd2 Bb7 12.a4 Rad8 13.Nc4 Na5 14.Nfd2 Nxc4 15.Bxc4 Nd7  1/2-1/2

[Event "Subotica Interzonal (Women)"]
[Site "Subotica"]
[Date "1991.??.??"]
[Round "13"]
[White "Gaprindashvili, Nona"]
[Black "Kachiani Gersinska, Ketino"]
[Result "1/2-1/2"]
[WhiteElo "2450"]
[BlackElo "2345"]

1.d4 Nf6 2.c4 e6 3.Nc3 Bb4 4.Nf3 b6 5.g3 Bxc3+ 6.bxc3 Bb7 7.Bg2 O-O 8.O-O Re8
9.a4 d6 10.a5 Nbd7 11.Qa4 e5 12.Re1 Be4 13.Bg5 h6 14.Bxf6 Nxf6 15.Rad1 Qc8
16.c5 Qa6 17.Qa3 exd4 18.cxd6 cxd6 19.Rxd4  1/2-1/2

[Event "Tbilisi"]
[Site "Tbilisi"]
[Date "1991.??.??"]
[Round "?"]
[White "Kachiani Gersinska, Ketino"]
[Black "Gaprindashvili, Nona"]
[Result "1-0"]
[WhiteElo "2345"]
[BlackElo "2450"]

1.d4 g6 2.c4 Bg7 3.e4 d6 4.Nc3 Nd7 5.Bg5 c6 6.Qd2 a6 7.Rd1 b5 8.cxb5 axb5
9.b4 Bb7 10.Nf3 Qb8 11.Bd3 Ngf6 12.h3 O-O 13.O-O Ra3 14.Rfe1 Nb6 15.e5 Nfd5
16.Nxd5 Nxd5 17.Be4 Re8 18.Bxd5 cxd5 19.Qe2 Bc6 20.exd6 exd6 21.Qc2 Rc8 22.Qd2 Bd7
23.Qf4 Be6 24.Be7 Ra6 25.Ng5 Re8 26.Rxe6 fxe6 27.Qf7+ Kh8 28.Nxe6 Rxe7 29.Qxe7 Ra7
30.Qg5 Qa8 31.Rc1 Rf7 32.Rc2 Bf6 33.Qc1 Rf8  1-0

[Event "Tbilisi"]
[Site "Tbilisi"]
[Date "1991.??.??"]
[Round "?"]
[White "Giorgadze, Giorgi"]
[Black "Gaprindashvili, Nona"]
[Result "1-0"]
[WhiteElo "2495"]
[BlackElo "2450"]

1.d4 g6 2.c4 Bg7 3.Nc3 d6 4.e4 Nd7 5.Nf3 e5 6.Be2 c6 7.O-O f6 8.Be3 Nh6 9.dxe5 dxe5
10.Nd2 O-O 11.c5 f5 12.f3 f4 13.Bf2 Qe7 14.b4 Rd8 15.Qb3+ Kh8 16.Nc4 Nf8
17.Rfd1 Be6 18.b5 Nf7 19.bxc6 bxc6 20.Qa4 Qc7 21.Na5 Rxd1+ 22.Rxd1 Bd7 23.Bc4 Nd8
24.Rd6 Rb8 25.Bb3 Be8 26.Bh4 Nf7 27.Bxf7 Qxf7 28.Nxc6 Qb7 29.Qxa7 Bxc6 30.Qxb7 Bxb7
31.c6 Ba8 32.c7 Rc8 33.Nb5 Bb7 34.Rb6 Nd7 35.Rxb7  1-0

[Event "Tbilisi"]
[Site "Tbilisi"]
[Date "1991.??.??"]
[Round "?"]
[White "Gaprindashvili, Nona"]
[Black "Sturua, Zurab"]
[Result "1-0"]
[WhiteElo "2450"]
[BlackElo "2505"]

1.d4 Nf6 2.c4 e6 3.Nc3 Bb4 4.Nf3 c5 5.g3 Nc6 6.Bg2 Ne4 7.Qd3 Qa5 8.d5 exd5
9.cxd5 Nxc3 10.bxc3 Bxc3+ 11.Bd2 Bxd2+ 12.Nxd2 Nd4 13.e3 Nb5 14.d6 O-O 15.O-O Qa6
16.Rfd1 Nc7 17.Nc4 Ne6 18.a4 Nd8 19.a5 Nc6 20.Qc3 Rb8 21.Bf1 Re8 22.Nb6 axb6
23.Bxa6 bxa6 24.axb6 Rxb6 25.Rab1 Rb5 26.Rxb5 axb5 27.Qxc5 b4 28.Qb6 h5 29.Rd5 g6
30.f3 Ne5 31.Rxe5  1-0

[Event "Tbilisi"]
[Site "Tbilisi"]
[Date "1991.??.??"]
[Round "?"]
[White "Gaprindashvili, Nona"]
[Black "Janjgava, Lasha"]
[Result "1/2-1/2"]
[WhiteElo "2450"]
[BlackElo "2495"]

1.d4 Nf6 2.c4 e6 3.Nf3 d5 4.Nc3 Be7 5.Bg5 h6 6.Bh4 O-O 7.e3 Ne4 8.Bxe7 Qxe7
9.Qc2 Nxc3 10.Qxc3 dxc4 11.Bxc4 b6 12.O-O Bb7 13.Be2 c5 14.dxc5 Rc8 15.b4 bxc5
16.bxc5 Nd7  1/2-1/2

[Event "Tbilisi"]
[Site "Tbilisi"]
[Date "1991.??.??"]
[Round "?"]
[White "Gaprindashvili, Nona"]
[Black "Ioseliani, Nana"]
[Result "1-0"]
[WhiteElo "2450"]
[BlackElo "2470"]

1.d4 Nf6 2.c4 g6 3.Nc3 Bg7 4.e4 d6 5.Be2 O-O 6.Bg5 Na6 7.Qd2 e5 8.d5 c6 9.f3 cxd5
10.cxd5 Bd7 11.g4 Qa5 12.h4 h5 13.Bxf6 Bxf6 14.gxh5 Kg7 15.hxg6 fxg6 16.Bxa6 bxa6
17.Qg2 Rh8 18.h5 Rh6 19.Ne2 Rb8 20.O-O-O Qb4 21.Rd2 Rg8 22.Rc2 Kf7 23.hxg6+ Rgxg6
24.Qf1 Qb6 25.Kb1 Qe3 26.Rxh6 Rxh6 27.Nc1 Bg5 28.Nd1 Qb6 29.Nc3 Rh3 30.a3 a5
31.Qg2 Bf4 32.N1e2 Rh2 33.Qf1 Bh6 34.Nc1 Rxc2 35.Kxc2 Qe3 36.Nb3 a4 37.Na5 Qb6
38.Nc6 Bxc6 39.dxc6 Qxc6 40.Qd3 Qc7 41.Qb5 Be3 42.Kd3 Bd4 43.Qc4+ Qxc4+ 44.Kxc4 Bxc3
45.bxc3 Ke6 46.Kb5 Kd7 47.c4 Kc7 48.c5 Kd7 49.Kc4 dxc5 50.Kxc5 Ke6 51.Kc6  1-0

[Event "Tbilisi"]
[Site "Tbilisi"]
[Date "1991.??.??"]
[Round "?"]
[White "Gaprindashvili, Nona"]
[Black "Gurgenidze, Bukhuti"]
[Result "1/2-1/2"]
[WhiteElo "2450"]
[BlackElo "2370"]

1.d4 Nf6 2.c4 e6 3.Nc3 Bb4 4.Nf3 Nc6 5.Qc2 d5 6.a3 Bxc3+ 7.Qxc3 Ne4 8.Qc2 a5
9.e3 Bd7 10.Bd3 Nd6 11.b3 a4 12.cxd5 exd5 13.bxa4 Ne7 14.O-O Bxa4 15.Qb1 c6
16.Bd2 Bb5 17.Bxb5 Nxb5 18.a4 Nd6 19.Bb4 O-O 20.Ne5 Nec8 21.Rc1 Re8 22.Bc5 f6
23.Nd3 Qc7 24.Qb3 Nc4 25.Rab1 b6 26.Bb4 Qd7 27.Nb2 Nxb2 28.Rxb2 Re6 29.Rbc2 f5
30.Rc3 Rg6 31.Ba3 Ra6 32.Qc2 Na7 33.Bb4 h6 34.Ra3 Nc8 35.a5 bxa5 36.Rxa5 Rxa5
37.Bxa5 Kh7 38.g3 Ne7 39.Rb1 Ng8 40.Rc1 h5 41.h4 Nh6 42.Qe2 Qe7 43.Qf3 Qxh4
44.Rxc6 Qe4 45.Qxe4 fxe4 46.Rc5 Rg5 47.Bc7 Ng4 48.Bf4 Rf5 49.Rc7 Kg6 50.Kg2 Rf7
51.Rc6+ Kh7 52.Rd6 Rf5 53.Rd7 Kg8 54.Rd8+ Kf7 55.Rd7+ Kf6 56.Rd6+ Ke7 57.Rg6 Kf7
58.Rg5 Kf6 59.Rxf5+ Kxf5 60.Bc7 g5 61.Bd8 Nh6 62.Kh3 g4+ 63.Kg2 Ke6 64.Kf1 Kd7
65.Bf6 Kc6 66.Ke2 Kb5 67.Kd2 Kc4 68.Kc2 Nf5 69.Bg5 Nd6 70.Be7 Nb5 71.Bc5 Nc3
72.Be7 Ne2 73.Kd2  1/2-1/2

[Event "Tbilisi"]
[Site "Tbilisi"]
[Date "1991.??.??"]
[Round "?"]
[White "Gaprindashvili, Nona"]
[Black "Arakhamia, Ketevan"]
[Result "0-1"]
[WhiteElo "2450"]
[BlackElo "2440"]

1.d4 d5 2.c4 c6 3.cxd5 cxd5 4.Nc3 Nf6 5.Bf4 Nc6 6.e3 e6 7.Bd3 a6 8.Rc1 Be7
9.h3 O-O 10.Nf3 Bd7 11.Nd2 Rc8 12.Nb3 Na5 13.O-O Nc4 14.Qe2 b5 15.Nc5 Bxc5
16.dxc5 Rxc5 17.b3 e5 18.Bh2 e4 19.Bb1 b4 20.Nd1 Bb5 21.bxc4 Rxc4 22.Qd2 Rxc1
23.Qxc1 Bxf1 24.Kxf1 Qc8 25.Qd2 Qc4+ 26.Ke1 Rc8 27.Be5 Nd7 28.Bd4 a5 29.f3 Qc1
30.Qb2 Qxb2 31.Bxb2 f5 32.Kd2 Nb6 33.Bd4 Nc4+ 34.Kc2 Nxe3+ 35.Kd2 Nc4+ 36.Kc2 Ne3+
37.Kd2 Nxg2 38.Bc2 Kf8 39.Bb3 Nf4 40.Ne3 exf3 41.Nxf5 g6 42.Nh4 Rc3 43.Ke1 Nd3+
44.Kd2 f2 45.Ke2 Nc1+  0-1

[Event "Belgrade"]
[Site "Belgrade"]
[Date "1992.??.??"]
[Round "1"]
[White "Gaprindashvili, Nona"]
[Black "Ioseliani, Nana"]
[Result "1/2-1/2"]
[WhiteElo "2450"]
[BlackElo "2445"]

1.c4 c5 2.Nc3 g6 3.g3 Bg7 4.Bg2 Nc6 5.Nf3 e6 6.d4 cxd4 7.Nb5 d5 8.cxd5 Qa5+
9.Qd2 Qxb5 10.dxc6 Qxc6 11.O-O Qd6 12.Rd1 e5 13.e3 Ne7 14.exd4 exd4 15.Qe2 O-O
16.Bf4 Qd8 17.Be5 Bxe5 18.Qxe5 Nc6 19.Qc5 Bg4 20.h3  1/2-1/2

[Event "Belgrade"]
[Site "Belgrade"]
[Date "1992.??.??"]
[Round "2"]
[White "Maric, Alisa"]
[Black "Gaprindashvili, Nona"]
[Result "1/2-1/2"]
[WhiteElo "2400"]
[BlackElo "2450"]

1.d4 d6 2.Nf3 g6 3.c4 Bg7 4.Nc3 Nd7 5.e4 e5 6.Be2 c6 7.O-O f6 8.Re1 Nh6 9.b3 Nf7
10.Qc2 O-O 11.Bb2 Qc7 12.Rad1 Re8 13.Ba3 Nf8 14.c5 dxc5 15.dxe5 fxe5 16.Bxc5 Bg4
17.Bxf8 Rxf8 18.Nd5 Qb8 19.Ne3 Be6 20.Bc4 Qe8 21.Rd3 Rc8 22.Red1 Rc7 23.b4 Qe7
24.Qb3 Re8 25.a3 Bf8 26.h3 Bxc4 27.Qxc4 Qe6 28.Qc2  1/2-1/2